Escatología
Gorde:
| Egile nagusia: | |
|---|---|
| Formatua: | Liburua |
| Hizkuntza: | gaztelania |
| Argitaratua: |
Barcelona
Herder
1984
|
| Edizioa: | 1a. ed |
| Saila: | Biblioteca de Teología. Panorama Actual del Pensamiento Cristiano, 3
|
| Gaiak: | |
| Etiketak: |
Etiketa erantsi
Etiketarik gabe, Izan zaitez lehena erregistro honi etiketa jartzen!
|
MARC
| LEADER | 00000cam a2200000 a 4500 | ||
|---|---|---|---|
| 001 | UCX1115 | ||
| 003 | CL-VaPUC | ||
| 008 | 900606e19840000SP |||||||||||||||||spa|d | ||
| 020 | |a 8425414202 | ||
| 082 | 0 | 4 | |a 236 |b NOC |2 21 |
| 100 | |a Nocke, Franz-Josef |e autor |9 316531 | ||
| 245 | 1 | 0 | |a Escatología |
| 250 | |a 1a. ed | ||
| 300 | |a 194 p | ||
| 942 | |c BK | ||
| 945 | |d 19900606 00:00:00 | ||
| 260 | |a Barcelona |b Herder |c 1984 | ||
| 650 | 0 | |a Escatología |9 314395 | |
| 583 | |a last modification |c 20150528 12:28:11 |k Rodrigo Vera | ||
| 490 | 0 | |a Biblioteca de Teología. Panorama Actual del Pensamiento Cristiano, 3 | |
| 999 | |c 222437 |d 222435 | ||
| 952 | |0 0 |1 0 |4 0 |6 236_000000000000000_NOC_1984 |7 0 |8 A |9 217162 |a BIBTEO |b BIBTEO |d 2019-11-15 |i 2861216 |o 236 NOC 1984 |p 2861216 |r 2025-01-17 |w 2019-11-15 |y BK |k ICR | ||
| 952 | |0 0 |1 0 |3 erb |4 0 |6 236_000000000000000_NOC_1984 |7 0 |8 A |9 217163 |a BIBTEO |b BIBTEO |e Casale Rolle, Carlos Ignacio, -2014 |i 5182336 |o 236 NOC 1984 |p 5182336 |r 2025-01-17 |w 2019-11-15 |y BK |z Catalogado en:20150605 |k ICR | ||